[Event "ch-COL"]
[Site "Fusagasuga COL"]
[Date "1999.12.12"]
[Round "1"]
[White "Ramirez,Ca"]
[Black "Corradine,J"]
[Result "1/2-1/2"]
[WhiteElo "2324"]
[BlackElo "2154"]

1.d4 d5 2.c4 c6 3.Nf3 Nf6 4.Nc3 dxc4 5.a4 Bf5 6.e3 e6 7.Bxc4 Bb4 8.O-O Nbd7
9.Qb3 Qb6 10.Rd1 Bg4 11.Be2 O-O 12.h3 Bxf3 13.Bxf3 e5 14.dxe5 Nxe5 15.Be2 Rad8
16.Bd2 c5 17.Be1 h6 18.Kf1 a6 19.Nd5 Nxd5 20.Rxd5 Rxd5 21.Qxd5 Nc6 22.Qb3 Na5
23.Qc2 Bxe1 24.Rxe1 Rd8 25.Rd1 Rxd1+ 26.Qxd1 Qc7 27.Qd5 c4 28.g3 g6 29.h4 c3
30.bxc3 Qxc3 31.h5 g5 32.Qd3 Qc1+ 33.Qd1 Qxd1+ 34.Bxd1 b5 35.axb5 axb5 36.Ke2 Kg7
37.Kd3 b4 38.Kd4 Kf6 39.Bg4 Nb3+ 40.Kc4 Nd2+ 41.Kd3 Nb3 42.Kc4 Nd2+ 43.Kd3  1/2-1/2

[Event "5th Gudmundur Arason"]
[Site "Hafnarfjordur ISL"]
[Date "1999.12.13"]
[Round "2"]
[White "Edvardsson,K"]
[Black "Kristjansson,S"]
[Result "1/2-1/2"]
[WhiteElo "2209"]
[BlackElo "2278"]

1.d4 Nf6 2.Nf3 d5 3.c4 c6 4.Nc3 dxc4 5.a4 Bf5 6.Ne5 Nbd7 7.Nxc4 Qc7 8.g3 e5
9.dxe5 Nxe5 10.Bf4 Nfd7 11.Bg2 f6 12.O-O Nc5 13.Ne3 Rd8 14.Ncd5 Qd7 15.b4 cxd5
16.Nxf5 Qxf5 17.bxc5 Bxc5 18.Qb3 O-O 19.Bxd5+ Kh8 20.Bxb7 Ng4 21.Bf3 Rfe8
22.Qb5 Nxf2 23.Rxf2 g5 24.e4 Bxf2+ 25.Kxf2 Qxb5 26.axb5 gxf4 27.gxf4 Re7
28.Ra6 Kg7 29.e5 fxe5 30.f5 Rf7 31.Ke3 Rb8 32.Bd5 Rxf5 33.Rxa7+ Kh8 34.Bc6 Rh5
35.Ke4 Rxh2 36.Kxe5 Rf2 37.Kd6 Rff8 38.Kc5 Rf5+ 39.Kb4 h5 40.Ra2 h4 41.Rh2 Rh5
42.Ka5 Kg7 43.Ka6 Kf6 44.b6 Rhh8 45.b7 Kg5 46.Ka7 Rbd8 47.Rb2 h3  1/2-1/2

[Event "Vikings GM"]
[Site "York ENG"]
[Date "1999.12.20"]
[Round "8"]
[White "Hillarp Persson,T"]
[Black "Hector,J"]
[Result "1/2-1/2"]
[WhiteElo "2507"]
[BlackElo "2505"]

1.d4 d5 2.c4 c6 3.Nf3 Nf6 4.Nc3 dxc4 5.a4 Bf5 6.Ne5 Nbd7 7.Nxc4 Qc7 8.g3 e5
9.dxe5 Nxe5 10.Bf4 Nfd7 11.Bg2 f6 12.O-O Nc5 13.Ne3 Be6 14.b4 Rd8 15.Qb1 Nb3
16.Ned5 cxd5 17.Qxb3 Qc4 18.Qxc4 Nxc4 19.Rfd1 Bxb4 20.Nxd5 Ba5 21.Rab1 Rd7
22.Rd4 Ne5 23.Rb5 Kf7 24.Bxe5 fxe5 25.Rd3 Rc8 26.f4 Rc1+ 27.Kf2 Be1+ 28.Ke3 Rc4
29.fxe5 b6 30.Nf4 Rc5 31.Nxe6 Rxd3+ 32.exd3 Kxe6 33.Bh3+ Kd5 34.Bg2+ Ke6
35.Ke4 Ke7 36.Bh3 Rc2 37.Rd5 Re2+ 38.Kf3 Rf2+ 39.Ke3 Rxh2 40.Rd7+ Ke8 41.Bg4 h5
42.Be6 Bxg3 43.d4 Bf2+ 44.Kf3 g5 45.d5 Bd4 46.d6 Bxe5 47.Re7+ Kd8 48.Rd7+ Ke8
49.Re7+ Kd8 50.Rxa7 g4+ 51.Ke4 Bxd6 52.Rd7+ Ke8 53.Rxd6 Re2+ 54.Kf5 g3 55.Rxb6 g2
56.Rb8+ Ke7 57.Rb7+ Kf8 58.Rb8+ Ke7 59.Rb7+ Kd6 60.Rd7+ Kc5 61.Rg7 h4 62.Kf4  1/2-1/2

[Event "ch-COL"]
[Site "Fusagasuga COL"]
[Date "1999.12.21"]
[Round "10"]
[White "Saladen,R"]
[Black "Mosquera,M"]
[Result "0-1"]
[WhiteElo "2300"]
[BlackElo "2315"]

1.d4 d5 2.Nf3 Nf6 3.c4 c6 4.Nc3 dxc4 5.a4 Bf5 6.e3 e6 7.Bxc4 Bb4 8.O-O O-O
9.Nh4 Bg6 10.Nxg6 hxg6 11.Qb3 Qb6 12.Rd1 Nbd7 13.Qc2 Qc7 14.g3 Be7 15.a5 Rad8
16.Bd2 a6 17.Na4 c5 18.Bf1 Rc8 19.Rac1 Qb8 20.Qb3 Ne4 21.Be1 cxd4 22.exd4 Rxc1
23.Rxc1 Rc8 24.Rd1 Qc7 25.Bg2 Ndf6 26.Nc3 Nd6 27.Ra1 Qc4 28.Qxc4 Rxc4 29.Ra4 Rc7
30.Bd2 Nb5 31.Bf4 Rd7 32.Nxb5 axb5 33.Ra1 Nd5 34.Bd2 Rc7 35.Bf1 Bf6 36.Bxb5 Rc2
37.Bc3 Nxc3 38.bxc3 Rxc3 39.Ra4 Rc1+ 40.Kg2 Rd1 41.Kf3 Bxd4 42.Ke2 Rb1 43.Rxd4 Rxb5
44.Rd8+ Kh7 45.Ra8 g5 46.h3 Kg6 47.a6 bxa6 48.Rxa6 Rb3 49.Rc6 Kf6 50.Ra6 Rb8
51.Kf3 Rh8 52.Kg2 g6 53.Ra5 Rh5 54.Ra6 Kg7 55.Ra7 Rh8 56.Ra5 f5 57.Ra6 Kf6
58.Ra7 Rd8 59.Rb7 Rd6 60.Rb8 e5 61.Rh8 e4 62.Kf1 Rd1+ 63.Ke2 Rh1 64.f3 exf3+
65.Kxf3 Rxh3 66.Ra8 f4 67.Ra6+ Kg7 68.Kg2 Rxg3+ 69.Kh2 Rc3  0-1

[Event "III Open"]
[Site "Cali COL"]
[Date "1999.12.27"]
[Round "3"]
[White "Gamboa,N"]
[Black "Mosquera,M"]
[Result "1-0"]
[WhiteElo "2340"]
[BlackElo "2315"]

1.d4 d5 2.Nf3 Nf6 3.c4 c6 4.Nc3 dxc4 5.a4 Bf5 6.Ne5 e6 7.Nxc4 c5 8.Be3 cxd4
9.Qxd4 Nc6 10.Qxd8+ Rxd8 11.f3 Bb4 12.Rc1 h6 13.Bf2 O-O 14.e4 Bh7 15.Be2 Nd7
16.O-O Nc5 17.Rcd1 Bxc3 18.Bxc5 Bd4+ 19.Bxd4 Nxd4 20.Kf2 f5 21.e5 f4 22.Nd6 Nc6
23.Bc4 Nxe5 24.Bxe6+ Kh8 25.Nxb7 Nd3+ 26.Kg1 Rde8 27.Bd5 Nxb2 28.Rd4 Re2
29.Nd6 Bg6 30.Be4 Bxe4 31.fxe4 Rf6 32.Nf5 Rg6 33.g3 fxg3 34.hxg3 Rc6 35.Rd8+ Kh7
36.Nd4 Rcc2 37.Nxc2 Rxc2 38.Re1 Kg6 39.e5 Rc7 40.e6 Re7 41.Rd4  1-0

[Event "8th Danube Open"]
[Site "Aschach AUT"]
[Date "1999.12.28"]
[Round "4"]
[White "Kilgus,G"]
[Black "Videki,S"]
[Result "1/2-1/2"]
[WhiteElo "2218"]
[BlackElo "2445"]

1.d4 d5 2.c4 c6 3.Nf3 Nf6 4.Nc3 dxc4 5.a4 Bf5 6.e3 e6 7.Bxc4 Bb4 8.O-O Nbd7
9.Qb3 a5 10.Na2 Be7 11.Nh4 Be4 12.Nc3 Nb6 13.Be2 O-O 14.g4 Bd5 15.Nxd5 Nfxd5
16.Ng2 Bb4 17.g5 Ne7 18.h4 Nf5 19.Bd3 Re8 20.Qc2 g6 21.b3 Rc8 22.Bb2 Rc7
23.f4 c5 24.Qf2 cxd4 25.e4 Ne3 26.Rfc1 Nxg2 27.Kxg2 Bc3 28.Bxc3 Rxc3 29.Rxc3 dxc3
30.Bb5 Re7 31.Rc1 e5 32.f5 gxf5 33.exf5 Nd5 34.f6 Rc7 35.Bc4 Nf4+ 36.Kf3 Qc8
37.Qg3 Qd7 38.Rxc3 Qd1+ 39.Ke4 Qd4+ 40.Kf5 Ng6 41.Rd3 Rxc4 42.bxc4 Nxh4+
43.Qxh4 Qxd3+ 44.Kxe5 Qe3+ 45.Kd6 Qb6+ 46.Ke7 Qc7+ 47.Ke8 Qc8+ 48.Ke7 Qc7+
49.Ke8 Qc6+ 50.Kd8  1/2-1/2

[Event "Weihnachtsopen"]
[Site "Zurich SUI"]
[Date "1999.12.28"]
[Round "4"]
[White "Keatinge Clay,A"]
[Black "Pelletier,Y"]
[Result "0-1"]
[WhiteElo "2278"]
[BlackElo "2479"]

1.d4 d5 2.c4 c6 3.Nf3 Nf6 4.Nc3 dxc4 5.a4 Bf5 6.e3 e6 7.Bxc4 Bb4 8.O-O O-O
9.Nh4 Nbd7 10.f3 Bg6 11.Nxg6 hxg6 12.Qb3 c5 13.Na2 Ba5 14.dxc5 Nxc5 15.Qa3 Qd6
16.b4 Bc7 17.g3 Ncd7 18.Bb2 a5 19.Rfd1 Qc6 20.Be2 Bb6 21.bxa5 Qc2 22.Kf2 Rxa5
23.Nb4 Qf5 24.Kg2 Nc5 25.Bb5 Rfa8 26.Qc3 Nxa4 27.Bxa4 Rxa4 28.Rxa4 Rxa4 29.e4 Qb5
30.Nd3 Kh7 31.Qd2 Ra2 32.Rb1 Qc4 33.Rc1 Qd4 34.Rc2 Qg1+ 35.Kh3 Qf1+ 36.Kh4 Qxf3
37.Qe2 g5+ 38.Kxg5 Be3+ 39.Kh4 g5+ 40.Kh3 g4+ 41.Kh4 Kh6 42.Bxf6 Qxe2 43.Rxe2 Rxe2
44.Kxg4 Bd4 45.Bg5+ Kh7 46.h4 Rxe4+ 47.Kf3 f5 48.Bd2 e5 49.Nb4 Rg4 50.Nd5 e4+
51.Kg2 Be5 52.Be1 Rg7 53.Kh3 Rd7 54.Ne3 Bc3 55.Bxc3 Rd3 56.Nxf5 Rxc3 57.Kg4 b5
58.Nd6 b4 59.Nxe4 Rc4 60.Kf3 b3 61.Nd2 Rc1 62.Nxb3 Rc3+ 63.Kf4 Rxb3 64.g4 Rb5
65.Kf3 Kg6 66.Kf4 Rb4+ 67.Kf3 Kf6 68.Kg3 Ke5 69.h5 Kf6 70.Kh4 Ra4  0-1

[Event "107th ch-NZL"]
[Site "Auckland NZL"]
[Date "1999.12.29"]
[Round "2"]
[White "Metge,J"]
[Black "Gibbons,R"]
[Result "1/2-1/2"]
[WhiteElo "2160"]
[BlackElo "2200"]

1.d4 d5 2.Nf3 Nf6 3.c4 c6 4.Nc3 dxc4 5.a4 Bf5 6.e3 e6 7.Bxc4 Bb4 8.O-O Nbd7
9.Qe2 Ne4 10.Nxe4 Bxe4 11.Rd1 O-O 12.Bd2 Qa5 13.Bxb4 Qxb4 14.Nd2 Bg6 15.e4 Nb6
16.b3 Rad8 17.Nf3 Bh5 18.h3 Bxf3 19.gxf3 Rd7 20.a5 Nxc4 21.Qxc4 Qd6 22.Qc5 a6
23.Kf1 Rfd8 24.Ke2 Qxc5 25.dxc5 Rxd1 26.Rxd1 Rxd1 27.Kxd1 g5 28.Ke2 Kg7 29.Ke3 e5
30.Ke2 Kg6 31.Kf1 Kh5 32.Kg2 Kh4 33.Kh2 h6 34.Kg2 h5 35.Kh2 g4 36.hxg4 hxg4
37.Kg2 gxf3+ 38.Kxf3 Kh3 39.Ke3 Kg4 40.f3+ Kg3 41.Ke2  1/2-1/2

[Event "107th ch-NZL"]
[Site "Auckland NZL"]
[Date "1999.12.29"]
[Round "2"]
[White "Wastney,S"]
[Black "Dive,RJ"]
[Result "0-1"]
[WhiteElo "2193"]
[BlackElo "2448"]

1.Nf3 Nf6 2.c4 c6 3.Nc3 d5 4.d4 dxc4 5.a4 Bf5 6.Nh4 Bg4 7.h3 Bh5 8.g4 Bg6
9.Nxg6 hxg6 10.e4 e6 11.g5 Nfd7 12.Bxc4 Bb4 13.h4 Qa5 14.Bd2 Nb6 15.Bb3 N8d7
16.Qf3 c5 17.d5 c4 18.Bc2 exd5 19.exd5 Ne5 20.Qh3 Rxh4 21.Qxh4 Nf3+ 22.Kf1 Nxh4
23.Re1+ Kd7 24.Rxh4 Re8 25.Rxe8 Kxe8 26.Bd1 Nxd5 27.Re4+ Ne7 28.Be2 Qf5 29.Bg4 Qc5
30.Be3 Qc6 31.Bf3 Kf8 32.Bxa7 Qa6 33.Be3 Nf5 34.Bd2 Bxc3 35.Bxc3 Qxa4 36.Re5 b6
37.Rd5 Kg8 38.Ke2 b5 39.Kd2 b4 40.Be5 Qa2 41.Kc1 Kh7 42.Be4 Qb3 43.Rd2 c3
44.bxc3 bxc3 45.Rc2 Qa3+ 46.Kd1 Qe7 47.f4 Ne3+ 48.Kc1 Qa3+  0-1

[Event "Alushta3"]
[Site "Alushta"]
[Date "1999.??.??"]
[Round "?"]
[White "Moskalenko, Viktor"]
[Black "Koziak, Vitali"]
[Result "0-1"]
[WhiteElo "2469"]
[BlackElo "2483"]

1.d4 Nf6 2.c4 c6 3.Nc3 d5 4.Nf3 dxc4 5.a4 Bf5 6.Nh4 e6 7.Nxf5 exf5 8.e3 Bd6
9.Bxc4 Qe7 10.Qd3 Ne4 11.g3 h5 12.f3 Nxc3 13.bxc3 g6 14.e4 Nd7 15.O-O O-O-O
16.Qe2 fxe4 17.fxe4 f6 18.a5 h4 19.g4 h3 20.Rb1 b5 21.axb6 Nxb6 22.e5 fxe5
23.Rf7 Qh4 24.Be6+ Kb8 25.dxe5 Bc7 26.Bf4 Rhe8 27.Qa2 Re7 28.Bg3 Qg5 29.Bf4 Qh4
30.Ra1 Nc8 31.Be3 Bb6 32.Bxb6 Nxb6 33.Rxe7 Qxe7 34.Re1 Qc5+ 35.Qf2 Qxc3 36.Bf7 Rd2
37.Qe3 Rd3 38.Qe2 Rf3 39.e6 Qd4+ 40.Kh1 Rf2  0-1

[Event "Athens op"]
[Site "Athens"]
[Date "1999.??.??"]
[Round "7"]
[White "Ristic, Nenad"]
[Black "Mirzoev, Azer"]
[Result "1/2-1/2"]
[WhiteElo "2432"]
[BlackElo "2443"]

1.d4 d5 2.Nf3 Nf6 3.c4 c6 4.Nc3 dxc4 5.a4 Bf5 6.e3 e6 7.Bxc4 Bb4 8.O-O O-O
9.Qe2 Nbd7 10.e4 Bg6 11.Bd3 c5 12.e5 cxd4 13.Na2 Nd5 14.Bxg6 hxg6 15.Nxb4 Nxb4
16.Nxd4 a6 17.Qe4 Nc5 18.Qg4 Qd5 19.Nf3 Ne4  1/2-1/2

[Event "Bagneux"]
[Site "Bagneux"]
[Date "1999.??.??"]
[Round "6"]
[White "Borne, Niels"]
[Black "Bartha, Sandor"]
[Result "1-0"]
[WhiteElo "2310"]
[BlackElo "2245"]

1.d4 d5 2.c4 c6 3.Nf3 Nf6 4.Nc3 dxc4 5.a4 Bf5 6.Ne5 Nbd7 7.Nxc4 g6 8.f3 Be6
9.e4 Bxc4 10.Bxc4 e6 11.Be3 Bg7 12.O-O O-O 13.a5 Rc8 14.Qb3 b5 15.axb6 axb6
16.Ra6 Ne8 17.Rd1 Nd6 18.Be2 Re8 19.Bf4 Nb7 20.Ra7 Na5 21.Qa4 Nb8 22.Kh1 Qf6
23.Be5 Qg5 24.Bxg7 Kxg7 25.b4 Qe3 26.Qc2 c5 27.dxc5 Nac6 28.Qb2 Kg8 29.Ra3 Qf2
30.Rf1 Qd4 31.b5 Na5 32.c6 Rc7 33.Na4 Qxb2 34.Nxb2 Ra7 35.Rc3 Rc7 36.Rd1 Kg7
37.Na4 Ree7 38.Kg1 f5 39.e5 Ra7 40.Nxb6 Rac7 41.Ra1  1-0

[Event "ROM-ch sf"]
[Site "Baile Tusnad"]
[Date "1999.??.??"]
[Round "1"]
[White "Dumitrache, Dragos"]
[Black "Conea, Adrian Ovidiu"]
[Result "1-0"]
[WhiteElo "2439"]
[BlackElo "2175"]

1.d4 d5 2.c4 c6 3.Nf3 Nf6 4.Nc3 dxc4 5.a4 Bf5 6.e3 e6 7.Bxc4 Bb4 8.O-O Nbd7
9.Nh4 O-O 10.f3 Nb6 11.Bb3 Nfd5 12.Nxf5 exf5 13.Qd3 Qd7 14.a5 Nc8 15.e4 Nf6
16.Bg5 Be7 17.Rad1 h6 18.Bh4 g5 19.Bf2 Bb4 20.a6 b5 21.d5 cxd5 22.e5 Nh5
23.Nxd5  1-0

[Event "Regionalliga SW9899"]
[Site "Bayern"]
[Date "1999.??.??"]
[Round "?"]
[White "Schlinkmeier, Karsten"]
[Black "Kuhnert, Josef"]
[Result "1-0"]
[WhiteElo "2085"]
[BlackElo "1995"]

1.d4 d5 2.c4 c6 3.Nc3 Nf6 4.Nf3 dxc4 5.a4 Bf5 6.Ne5 Nbd7 7.Nxc4 Qc7 8.g3 e5
9.dxe5 Nxe5 10.Bf4 Nfd7 11.e4 Be6 12.Qh5 Bd6 13.Nxd6+ Qxd6 14.Rd1 Qc5 15.Be2 Bb3
16.Rd2 Qe7 17.O-O O-O 18.Bxe5 Nxe5 19.f4 Ng6 20.Bd1 Bc4 21.Be2 Bb3 22.Bd1 Bc4
23.Rff2 f6 24.Bc2 Rfd8 25.Qd1 Nf8 26.Kg2 Bf7 27.h3 h6 28.Rfe2 Bc4 29.Rf2 Bf7
30.Bb3 Bxb3 31.Qxb3+ Qf7 32.Qd1 Qe7 33.Kf3 Re8 34.Rd3 Rac8 35.Rfd2 Rc7 36.h4 Qe6
37.Rd6 Qf7 38.Qg1 a6 39.Kg2 Rce7 40.Qb6 Ne6 41.Qf2 Nf8 42.Qe3 Re6 43.R6d3 R6e7
44.b4 Rd7 45.Rxd7 Nxd7 46.Qd3 Nf8 47.b5 axb5 48.axb5 Qb3 49.Rd1 cxb5 50.Rb1 Qc4
51.Qxc4+ bxc4 52.Rxb7 Rd8 53.Nd5 Rd7 54.Rb4 f5 55.Kf3 c3 56.Rc4 fxe4+ 57.Kxe4 Rd6
58.h5 Kh7 59.Rxc3 Nd7 60.g4 Re6+ 61.Kd4 Rd6 62.Ke4 Re6+ 63.Kf3 Rd6 64.Ne7 Nf8
65.f5 Rf6 66.Rc8 Rf7 67.Ng6 Kg8 68.Kf4 Rf6 69.Ke5 Rf7 70.Rxf8+ Rxf8 71.Nxf8 Kxf8
72.Ke6 Ke8 73.f6 Kf8  1-0

[Event "Landesliga Sued 9899"]
[Site "Bayern"]
[Date "1999.??.??"]
[Round "?"]
[White "Terzic, Safet"]
[Black "Christensen, Niels"]
[Result "1-0"]
[WhiteElo "2310"]
[BlackElo "2110"]

1.d4 d5 2.Nf3 Nf6 3.c4 c6 4.Nc3 dxc4 5.a4 Bf5 6.e3 e6 7.Bxc4 Bb4 8.O-O Nbd7
9.Bd2 Bg6 10.Ng5 Qa5 11.f4 O-O 12.Qe2 c5 13.d5 exd5 14.Bxd5 Nxd5 15.Nxd5 Bxd2
16.Rad1 Nf6 17.Rxd2 Nxd5 18.Rxd5 f6 19.f5 Bf7 20.Nxf7 Rxf7 21.Qc4 Qb4 22.Rxc5 Qxc4
23.Rxc4 Rd7 24.Rfc1 Kf7 25.Rc7 Ke7 26.Kf2 g6 27.fxg6 hxg6 28.g4 Rd8 29.h4 Ke6
30.Kf3 a6 31.h5 gxh5 32.gxh5 b5 33.Rxd7 Rxd7 34.Rc6+ Kf7 35.Rxa6 bxa4 36.Rxa4 Rb7
37.b4 Rb5 38.h6 Kg6 39.Ke4 Kxh6 40.Kd4 Kg6 41.Kc4 Re5 42.Ra3 Kf7 43.b5 Ke7
44.Rd3 Rh5 45.b6 Rh8 46.Kc5 Rh1 47.Rb3 Rc1+ 48.Kd5 Rd1+ 49.Kc6 Rc1+ 50.Kb7 Kd6
51.Kb8 Kc6 52.b7 Rh1 53.Ra3  1-0

[Event "JUG-ch"]
[Site "Belgrade"]
[Date "1999.??.??"]
[Round "2"]
[White "Antic, Dejan"]
[Black "Ivanisevic, Ivan"]
[Result "1/2-1/2"]
[WhiteElo "2479"]
[BlackElo "2457"]

1.d4 d5 2.c4 c6 3.Nf3 Nf6 4.Nc3 dxc4 5.a4 Bf5 6.e3 e6 7.Bxc4 Nbd7 8.O-O Bb4
9.Qe2 Bg6 10.e4 O-O 11.e5 Nd5 12.Ne4 Be7 13.Bd3 Rc8 14.Neg5 Bxg5 15.Nxg5 Qe7
16.Ne4 c5 17.Nd6 Bxd3 18.Qxd3 Rc6 19.Be3 f6 20.Nxb7 cxd4 21.Qxd4 Nxe5 22.Na5 Rc7
23.Rfc1 Rfc8 24.Rxc7 Qxc7 25.b4 Qc2 26.h3 Nxe3 27.Qxe3 Qb2 28.Qe1 Rc2 29.Rb1 Qa2
30.Ra1 Qb2 31.Rb1 Qa2 32.Ra1  1/2-1/2

[Event "Berlin Tegel-B"]
[Site "Berlin"]
[Date "1999.??.??"]
[Round "11"]
[White "Jasnikowski, Zbigniew"]
[Black "Zapolskis, Antanas"]
[Result "1-0"]
[WhiteElo "2405"]
[BlackElo "2400"]

1.d4 d5 2.c4 c6 3.Nf3 Nf6 4.Nc3 dxc4 5.a4 Bf5 6.e3 e6 7.Bxc4 Bb4 8.O-O O-O
9.Nh4 Bg6 10.Nxg6 hxg6 11.Qe2 Nbd7 12.Rd1 Qe7 13.e4 e5 14.d5 Nb6 15.Bb3 cxd5
16.exd5 Rfd8 17.Bg5 Bxc3 18.bxc3 Qd6 19.a5 Nbd7 20.c4 Rac8 21.h3 Nc5 22.Bc2 Re8
23.Bd2 Nfd7 24.Bb4 Qf6 25.Rab1 b6 26.Qe3 Qh4 27.Qe2 Qf6 28.Qe3 Qh4 29.Bxc5 Nxc5
30.axb6 axb6 31.Qe2 Nd7 32.Ba4 Red8 33.g3 Qf6 34.Bc6 Rb8 35.Bxd7 Rxd7 36.c5 Rdd8
37.c6 Qd6 38.Qc4 Qc7 39.Rb5 Kh7 40.Rdb1 f5 41.Qc3 Re8 42.Rd1 Rbd8 43.Rbb1 Ra8
44.Ra1 Rxa1 45.Qxa1 Rb8 46.Qa3 Rd8 47.Qa6 Rb8 48.Qc4 Rd8 49.d6 Rxd6 50.Rxd6 Qxd6
51.c7 Qd1+ 52.Kh2  1-0

[Event "Cannes"]
[Site "Cannes"]
[Date "1999.??.??"]
[Round "1"]
[White "Wallyn, Alexandre"]
[Black "Bonnaud, Remi"]
[Result "1-0"]
[WhiteElo "2130"]
[BlackElo "2170"]

1.d4 d5 2.c4 c6 3.Nf3 Nf6 4.Nc3 dxc4 5.a4 Bf5 6.Ne5 e6 7.f3 Bb4 8.e4 Bxe4
9.fxe4 Nxe4 10.Bd2 Qxd4 11.Nxe4 Qxe4+ 12.Qe2 Bxd2+ 13.Kxd2 Qd5+ 14.Kc2 Na6
15.Nxc4 O-O 16.Rd1 Qf5+ 17.Kb3 b5 18.axb5 cxb5 19.Nd6 Qc5 20.Ka2 Nb4+ 21.Kb1 Rfd8
22.Ne4 Qf5 23.Re1 Rac8 24.h4 Rc2 25.Qf3 Qd5 26.Nc3 Rxc3 27.Qxd5  1-0

[Event "Cannes"]
[Site "Cannes"]
[Date "1999.??.??"]
[Round "4"]
[White "Novikov, Igor A"]
[Black "Rogic, Davor"]
[Result "1-0"]
[WhiteElo "2601"]
[BlackElo "2475"]

1.d4 d5 2.c4 c6 3.Nf3 Nf6 4.Nc3 dxc4 5.a4 Bf5 6.Ne5 e6 7.f3 Bb4 8.e4 Bxe4
9.fxe4 Nxe4 10.Bd2 Qxd4 11.Nxe4 Qxe4+ 12.Qe2 Bxd2+ 13.Kxd2 Qd5+ 14.Kc2 Na6
15.Nxc4 O-O 16.Qf3 Qc5 17.Kb1 Nb4 18.Be2 Rad8 19.Rc1 Rd4 20.Ra3 Rfd8 21.Re3 Qg5
22.Rb3 c5 23.Qh5 Qxh5 24.Bxh5 b6 25.Bf3 Nd3 26.Rd1 Kf8 27.Na3 Ne5 28.Rxd4 Rxd4
29.a5 bxa5 30.Be2 Rd2 31.Re3 Nc6 32.Kc1 Rd8 33.Rc3 Nd4 34.Bd1 Rd5 35.Nc2 Ke7
36.Nxd4 cxd4 37.Rc7+ Rd7 38.Rc5 f5 39.Rxa5 Rc7+ 40.Kd2 Rb7 41.b3 Kf6 42.Ra6 Ke5
43.Kd3 Rc7 44.b4 Rc1 45.Kd2 Rb1 46.Ra4 d3 47.Bf3 Rb3 48.Bc6 Kd6 49.b5 e5
50.Rxa7 e4 51.Rxg7 Ke5 52.Rd7 Rb2+ 53.Kc3 Rc2+ 54.Kb3 Rxg2 55.Rd5+ Ke6 56.Kc3 Rc2+
57.Kd4 Ke7 58.Ke5 d2  1-0

[Event "Canovelles opA"]
[Site "Canovelles"]
[Date "1999.??.??"]
[Round "8"]
[White "Avila Jimenez, Javier"]
[Black "Fabre Massana, M."]
[Result "1-0"]
[WhiteElo "2210"]
[BlackElo "2265"]

1.d4 d5 2.c4 c6 3.Nc3 Nf6 4.Nf3 dxc4 5.a4 Bf5 6.Ne5 Na6 7.f3 Nd7 8.Nxc4 e5
9.e4 exd4 10.Ne2 Be6 11.Nxd4 Bb4+ 12.Kf2 O-O 13.Nxe6 fxe6 14.g3 Qf6 15.Qe2 Bc5+
16.Kg2 e5 17.h4 Nc7 18.Bg5 Qf7 19.Rd1 Ne6 20.Be3 Nd4 21.Bxd4 Bxd4 22.Nd6 Qf6
23.Nf5 c5 24.g4 Rae8 25.g5 Qb6 26.Qb5 Rd8 27.h5 Qxb5 28.Bxb5 Nb6 29.a5 a6
30.Be2 Nc8 31.b3 Rd7 32.h6 g6 33.Ng7 Nd6 34.Ne6 Re7 35.Nxf8 Kxf8 36.b4 cxb4
37.Rb1 Bc3 38.Rhd1 Nb5 39.Rd8+ Re8 40.Rxe8+ Kxe8 41.Bxb5+ axb5 42.Kf2 Kd7
43.Ke2 Kc6 44.Kd3 Kc5 45.Rf1 Bd4 46.f4 exf4 47.Rxf4 b3 48.Rf7 Be5 49.Rxb7  1-0

[Event "WLS-ch"]
[Site "Chepstow"]
[Date "1999.??.??"]
[Round "7"]
[White "Gilbert, Jonathan A"]
[Black "Binks, Michael"]
[Result "0-1"]
[WhiteElo "2100"]
[BlackElo "2118"]

1.d4 d5 2.c4 c6 3.Nf3 Nf6 4.Nc3 dxc4 5.a4 Bf5 6.e3 e6 7.Bxc4 Bb4 8.O-O Nbd7
9.Qe2 O-O 10.e4 Bg4 11.Rd1 Qa5 12.h3 Bh5 13.e5 Nd5 14.Ne4 Be7 15.Bd3 c5 16.Neg5 Bxg5
17.Bxg5 cxd4 18.Bd2 Bxf3 19.gxf3 Qc7 20.f4 Nc5 21.Rac1 Qe7 22.Kh2 Nxd3 23.Qxd3 Qh4
24.Qxd4 Rfd8 25.Be3 Qh5 26.Qe4 b6 27.Rd2 g6 28.Rc6 Qf5 29.Qxf5 gxf5 30.Rcc2 Rdc8
31.Kg3 Kf8 32.a5 Ke7 33.axb6 axb6 34.Kf3 Rxc2 35.Rxc2 Kd7 36.Rc4 Ra5 37.Bd4 Ra1
38.Bc3 Rd1 39.Bb4 b5  0-1

[Event "CZE-chT2V 9899"]
[Site "CZE"]
[Date "1999.??.??"]
[Round "?"]
[White "Pokorny, Tomas"]
[Black "Hajek, Jiri"]
[Result "1-0"]
[WhiteElo "2270"]
[BlackElo "2180"]

1.d4 d5 2.c4 c6 3.Nf3 Nf6 4.Nc3 dxc4 5.a4 Bf5 6.Ne5 e6 7.f3 h6 8.e4 Bh7 9.Bxc4 Nbd7
10.Nxd7 Qxd7 11.Be3 Be7 12.O-O O-O 13.Qe2 Rfd8 14.Rfd1 Bb4 15.Na2 Qe7 16.Nxb4 Qxb4
17.b3 Nd7 18.Bd2 Qe7 19.a5 Bg6 20.Bc3 Nf6 21.b4 a6 22.Qb2 Ne8 23.Be1 Nd6
24.Bd3 Ne8 25.Bg3 Nc7 26.Rac1 Rd7 27.Qc3 Rad8 28.Be2 f5 29.Bxc7 Rxc7 30.e5 Rcd7
31.f4 Qe8 32.Qc4 Rd5 33.Bf3 Rb5 34.Qb3 Qe7 35.Rc5 Rxc5 36.dxc5 Bf7 37.Rd6 Rxd6
38.cxd6 Qd7 39.Qe3 Be8 40.Qb6 Kf8 41.h4 g5 42.hxg5 hxg5 43.fxg5 Kg7 44.Qd4 Qf7
45.Qh4 Qg6 46.Bh5 Qh7 47.g6 Qg8 48.Qe7+ Kh6 49.Qh7+  1-0

[Event "EU-ch Union SCIPT"]
[Site "DEN"]
[Date "1999.??.??"]
[Round "7"]
[White "Ahlander, Bjorn"]
[Black "Stempin, Pawel"]
[Result "1/2-1/2"]
[WhiteElo "2435"]
[BlackElo "2390"]

1.d4 d5 2.c4 c6 3.Nc3 Nf6 4.Nf3 dxc4 5.a4 Bf5 6.Ne5 e6 7.g3 Bb4 8.Bg2 Ne4
9.Bxe4 Bxe4 10.O-O Bg6 11.Nxc4 O-O 12.Qb3 a5 13.Rd1 f6 14.Bf4 Na6 15.Rac1 Qe7
16.Na2 Rad8 17.Nxb4 axb4 18.g4 Bf7 19.Qe3 e5 20.Nb6 Qe6 21.dxe5 Qxg4+ 22.Qg3 Qxg3+
23.hxg3 fxe5 24.Bxe5 Bb3 25.Rxd8 Rxd8 26.f3 Re8 27.f4 Rd8 28.Kf2 Kf7 29.g4 h6
30.Ke3 Be6 31.f5 Bb3 32.Kf3 c5 33.a5 Kf8 34.Nc4 Rd5 35.e4 Rd3+ 36.Kf4 Bd1
37.Bd6+ Kg8 38.e5 Rd4+ 39.Ke3 Bxg4 40.f6 gxf6 41.exf6 Be6 42.Ne5 Rxd6 43.Rg1+ Kf8
44.Rg7 Ke8 45.Rxb7 Bd5 46.Re7+ Kd8 47.Rh7 Rxf6 48.Rd7+ Ke8 49.Rxd5 h5 50.Nd3 c4
51.Nc5 h4 52.Nxa6 Rxa6 53.Rh5 c3 54.bxc3 bxc3 55.Rxh4 Rc6 56.Rh1 Kd7 57.Rc1 Rc5
58.a6 Ra5 59.Rxc3 Rxa6  1/2-1/2

[Event "Dresden op"]
[Site "Dresden"]
[Date "1999.??.??"]
[Round "?"]
[White "Chuchelov, Vladimir"]
[Black "Schneider, Henning"]
[Result "1-0"]
[WhiteElo "2535"]
[BlackElo "2188"]

1.Nf3 d5 2.d4 c6 3.c4 Nf6 4.Nc3 dxc4 5.a4 Bf5 6.e3 e6 7.Bxc4 Bb4 8.O-O O-O
9.Nh4 Nbd7 10.f3 Bg6 11.e4 c5 12.Nxg6 hxg6 13.Na2 Qb6 14.Nxb4 Qxb4 15.b3 Qc3
16.Ba3 Rfd8 17.dxc5 Nxc5 18.Qe1 Qd4+ 19.Qf2 Nd3 20.Qxd4 Rxd4 21.Rad1 Rad8
22.Rd2 Nf4 23.Rxd4 Rxd4 24.Bc1 e5 25.g3 Ne6 26.Be3 Rd7 27.Bb5 Rc7 28.Bxa7 Rc3
29.Bc4 Nd7 30.Rd1 Ndc5 31.Bxc5 Nxc5 32.Rd8+ Kh7 33.Bxf7 Rxf3 34.Bg8+ Kh6
35.Bd5 Nxb3 36.h4 Kh5 37.Kg2 Nd4 38.Bxb7 Ra3 39.Rh8+ Kg4 40.Bc8+ Nf5 41.exf5 gxf5
42.Be6 Rxg3+ 43.Kf2 Ra3 44.Bd7 Kf4 45.Ke2 e4 46.Rf8 g6 47.h5 Ra2+ 48.Kd1 e3
49.Be6 Ra1+ 50.Ke2 Rc1 51.hxg6 Rc2+ 52.Kd3 Rd2+ 53.Kc3 Rd6 54.Bxf5  1-0

[Event "NOR-ch op"]
[Site "Gausdal"]
[Date "1999.??.??"]
[Round "5"]
[White "Gausel, Einar"]
[Black "Hersvik, Daniel"]
[Result "0-1"]
[WhiteElo "2525"]
[BlackElo "2080"]

1.d4 d5 2.Nf3 Nf6 3.c4 c6 4.Nc3 dxc4 5.a4 Bf5 6.e3 e6 7.Bxc4 Bb4 8.O-O Nbd7
9.Qe2 Bg6 10.Rd1 Qc7 11.Bd2 O-O 12.h3 e5 13.Nh4 exd4 14.Nxg6 hxg6 15.exd4 Rad8
16.Ba2 Bd6 17.Qf3 Rfe8 18.Bg5 Qa5 19.d5 Ne5 20.Qg3 Nc4 21.Qf3 Nxb2 22.Rdb1 Be5
23.Bd2 Nxa4 24.Bb3 Nxc3 25.Rxa5 Nxb1 26.Be3 cxd5 27.Rxa7 d4 28.Rxb7 dxe3
29.Bxf7+ Kf8 30.Bxe8 exf2+ 31.Kxf2 Nd2 32.Qa3+ Bd6 33.Qa2 Nfe4+ 34.Kg1 Bc5+
35.Kh1 Ng3+ 36.Kh2 Ndf1+  0-1

[Event "Oberliga Ost B9899"]
[Site "GER"]
[Date "1999.??.??"]
[Round "?"]
[White "Vidoniak, Roman"]
[Black "Grabarczyk, Bogdan"]
[Result "1-0"]
[WhiteElo "2425"]
[BlackElo "2425"]

1.Nf3 d5 2.d4 c6 3.c4 Nf6 4.Nc3 dxc4 5.a4 Bf5 6.e3 e6 7.Ne5 Nbd7 8.Nxc4 Qc7
9.Be2 Bb4 10.O-O O-O 11.f4 Nb6 12.Ne5 Bxc3 13.bxc3 Ne4 14.Qb3 c5 15.g4 c4
16.Qc2 Ng3 17.gxf5 Nxf1 18.Bxf1 f6 19.a5 fxe5 20.axb6 axb6 21.Rxa8 Rxa8 22.fxe6 exd4
23.exd4 b5 24.Qe4 b4 25.cxb4 c3 26.d5 g6 27.e7 Qd7 28.d6 Qg4+ 29.Kh1 Qd1
30.e8=Q+ Rxe8 31.Qxe8+ Kg7 32.Qe2 Qxc1 33.d7 c2 34.d8=Q Qxf4 35.Qee7+  1-0

[Event "Oberliga Ost B9899"]
[Site "GER"]
[Date "1999.??.??"]
[Round "?"]
[White "Koehler, Ronald"]
[Black "Lange, Klaus"]
[Result "1-0"]
[WhiteElo "2245"]
[BlackElo "2225"]

1.d4 d5 2.Nf3 Nf6 3.c4 c6 4.Nc3 dxc4 5.a4 Bf5 6.e3 e6 7.Bxc4 Nbd7 8.O-O Be7
9.Qe2 Ne4 10.Bd3 Ndf6 11.Ne5 Bd6 12.f4 h5 13.Qc2 Nxc3 14.bxc3 Bxe5 15.fxe5 Bxd3
16.Qxd3 Ng4 17.Rb1 Qh4 18.h3 Qg3 19.hxg4 hxg4 20.Rxb7 Rh3 21.Rfxf7 Qh2+ 22.Kf1 Qh1+
23.Ke2 Qxg2+ 24.Rf2  1-0

[Event "Oberliga Ost B9899"]
[Site "GER"]
[Date "1999.??.??"]
[Round "?"]
[White "Falk, Thomas"]
[Black "Lange, Klaus"]
[Result "1/2-1/2"]
[WhiteElo "2145"]
[BlackElo "2225"]

1.d4 d5 2.Nf3 Nf6 3.c4 c6 4.Nc3 dxc4 5.a4 Bf5 6.Ne5 e6 7.f3 Bb4 8.Nxc4 c5
9.dxc5 Qxd1+ 10.Kxd1 O-O 11.e4 Bg6 12.Nd6 Rd8 13.Kc2 Nc6 14.Be3 b6 15.Bb5 Na5
16.Rhd1 Bxc5 17.Bxc5 bxc5 18.Nc4 Nxc4 19.Bxc4 Kf8 20.a5 Ne8 21.Na4 Nd6 22.Kc3 Rac8
23.b3 Ke7 24.g4 f6 25.Nb2 Be8 26.Nd3 Nb5+ 27.Kb2 Rd4 28.Nf4 Rcd8 29.Rxd4 Nxd4
30.Rd1 g5 31.Ne2 Nxf3 32.Rxd8 Kxd8 33.Bxe6 Ke7 34.Bf5 Nxh2 35.Nc3 Bc6 36.Kc2 h6
37.Kd3 Nf3 38.Kc4 Kd6 39.Nb5+ Bxb5+ 40.Kxb5 Nd4+ 41.Kc4 a6 42.b4 Nc6 43.bxc5+ Ke5
44.Bd7 Ne7 45.Bf5 Nc6 46.Bd7 Ne7  1/2-1/2